| 000 -ლიდერი |
| ფიქსირებული სიგრძის საკონტროლო ველი |
01264nam a2200289Ia 4500 |
| 001 - საკონტროლო ნომერი |
| საკონტროლო ველი |
2679 |
| 003 - საკონტროლო ნომრის იდენტიფიკატორი |
| საკონტროლო ველი |
GE_BSU |
| 005 - ბოლო ოპერაციის თარიღი და დრო |
| საკონტროლო ველი |
20230406152038.0 |
| 008 - ფიქსირებული სიგრძის მონაცემთა ელემენტები - ზოგადი ინფორმაცია |
| ფიქსირებული სიგრძის საკონტროლო ველი |
181216s2009||||ge |||||||||||||| ||geo|| |
| 020 ## - წიგნის საერთაშორისო სტანდარტული ნომერი |
| International Standard Book Number |
9789941146633 |
| 040 ## - კატალოგიზაციის წყარო |
| Transcribing agency |
GE_BSU |
| 041 ## - ენის კოდი |
| Language code of text/sound track or separate title |
geo |
| 080 ## - უნივერსალური ათობითი კლასიფიკაციის ინდექსი |
| Universal Decimal Classification number |
621.391(075.8) ტ–44 |
| 100 ## - მთავარი ჩანაწერი - პიროვნების სახელი |
| Personal name |
რობიტაშვილი, ა. |
| 9 (RLIN) |
17517 |
| 245 ## - ცნობა სათაურის შესახებ |
| Title |
ტელეკომუნიკაციის თეორია : |
| Remainder of title |
[სახელმძღვ. სტუდ.] / |
| Statement of responsibility, etc |
ა. რობიტაშვილი, გ. მურჯიკნელი, თ. ვეკუა, გ. რობიტაშვილი ; სტუ. |
| 264 ## - წარმოების, გამოცემის, დისტრიბუციის და სხვა ცნობები |
| გამოცემის, წარმოების, დისტრიბუციის... ადგილი |
თბილისი : |
| გამოცემის, წარმოების, დისტრიბუციის... სახელწოდება |
ტექნ. უნ-ტი, |
| გამოცემის, წარმოების, დისტრიბუციის... თარიღი |
2009. |
| 300 ## - ფიზიკური აღწერა |
| Extent |
166 გვ.; |
| Other physical details |
20 სმ. |
| 504 ## - BIBLIOGRAPHY, ETC. NOTE |
| Bibliography, etc |
ბიბლიოგრ.: გვ. 166. |
| 653 ## - INDEX TERM--UNCONTROLLED |
| Uncontrolled term |
ტელეკომუნიკაცია |
| 700 ## - ADDED ENTRY--PERSONAL NAME |
| Personal name |
რობიტაშვილი, ა. |
| Relator term |
ავტორი |
| 9 (RLIN) |
17517 |
| 700 ## - ADDED ENTRY--PERSONAL NAME |
| Personal name |
მურჯიკნელი, გ. |
| Relator term |
ავტორი |
| 9 (RLIN) |
17518 |
| 700 ## - ADDED ENTRY--PERSONAL NAME |
| Personal name |
ვეკუა, თ. |
| Relator term |
ავტორი |
| 9 (RLIN) |
11807 |
| 700 ## - ADDED ENTRY--PERSONAL NAME |
| Personal name |
რობიტაშვილი, გ. |
| Relator term |
ავტორი |
| 9 (RLIN) |
17519 |
| 710 ## - ADDED ENTRY--CORPORATE NAME |
| Corporate name or jurisdiction name as entry element |
სტუ. |
| 9 (RLIN) |
17520 |
| 942 ## - ADDED ENTRY ELEMENTS (KOHA) |
| Koha item type |
წიგნი |
| Source of classification or shelving scheme |
|